Statistiken für Schnelles Tippen 1 bis 100

Klicken Sie hier um das Quiz zu spielen!

Allgemein

  • Dieses Quiz wurde 5.097 mal gespielt
  • Das Durchschnittsergebnis liegt bei 71 aus 100

Antwortstatistiken

#% Korrekt
1
100%
2
99%
3
98%
4
98%
5
97%
6
97%
7
97%
8
97%
9
97%
10
93%
12
93%
11
92%
13
92%
14
92%
15
92%
16
91%
17
91%
18
91%
19
91%
21
90%
20
89%
22
89%
23
89%
24
88%
25
87%
26
87%
27
87%
28
87%
31
87%
29
86%
30
86%
32
86%
34
86%
33
85%
35
85%
36
84%
37
84%
38
83%
39
83%
40
83%
41
83%
42
81%
43
81%
44
81%
45
81%
46
78%
47
78%
48
78%
49
78%
50
78%
51
77%
52
76%
55
76%
53
75%
54
75%
56
74%
57
72%
58
71%
59
71%
60
71%
61
69%
62
67%
63
66%
66
66%
64
65%
65
65%
67
63%
68
61%
70
61%
69
60%
71
60%
72
57%
73
57%
77
56%
74
55%
75
54%
76
54%
78
52%
79
50%
80
50%
81
48%
82
46%
83
45%
88
45%
84
44%
85
43%
87
43%
86
42%
90
41%
89
40%
91
38%
92
38%
93
36%
94
36%
99
36%
95
35%
96
34%
97
33%
100
32%
98
32%

Verteilung der Resultate

Perzentil nach korrekt beantworteten Fragen

Anzahl Personen mit jedem Resultat

Ihre Resultats-Entwicklung

Sie haben dieses Quiz noch nicht gespielt